| 000 | 01222 a2200265 4500 | ||
|---|---|---|---|
| 003 | Nust | ||
| 005 | 20220812144048.0 | ||
| 020 | _a0-8053-1775-9 | ||
| 040 | _cNust | ||
| 082 | _a005.13 | ||
| 082 | _a005.133 | ||
| 082 | _a005.133,ETT | ||
| 100 | 1 |
_aEtter, D. M. _997021 |
|
| 245 | 0 | 0 |
_aStructured FORTRAN 77 for engineers and scientists / _cD.M. Etter |
| 250 | _a4th ed. | ||
| 260 |
_aRedwood City, Calif. : _bBenjamin/Cummings, _ccop. 1993 |
||
| 300 |
_axxiii, 616 s. : _bill. ; _c23 cm. |
||
| 505 | _aAn Introduction to Problem Solving with Fortran 77 (Page-1), Arithmetic Computations (Page-25), Control Structures (Page-91), Engineering and Scientific Data Files (Page-165), Array Processing (Page-203), Function Subprograms (Page-259), Subroutine Subprograms (Page-323), Additional Data Types (Page-371), Additional File Handling (Page-423), Numerical Applications (Page-465), The New Fortran 90 Standard (Page-517). | ||
| 650 | 0 | _aComputer programming | |
| 650 | 0 |
_aFortran (Computer programming languages) _997022 |
|
| 650 | 0 |
_aFortran (Programmeringssprå«© _997023 |
|
| 650 | 0 |
_aFortran (Programmeringssprå«© _997023 |
|
| 650 | 0 | _aFORTRAN 77 (Computer program language) | |
| 942 |
_2ddc _cBK _k005.133,ETT |
||
| 999 |
_c193403 _d193403 |
||